000 00525nam a22001697a 4500
005 20240809131139.0
008 240809b |||||||| |||| 00| 0 eng d
020 _a0409016969
041 _aEnglish
082 _a349 SOU
100 _lEnglish
245 _aButterworths Index and Noter-up to the All South African Law Reports 1969-1999
260 _aDurban:
_bButterworths Publishers (Pty) Ltd,
_c2000
300 _b832 pages;
_c25 cm.
650 _aLegal practice
_bLaw
942 _cBK
_6ALISON_BN_VRIES
999 _c2552
_d2552